|
|
|
|
| LEADER |
02132nam a2200325 a 4500 |
| 001 |
18879 |
| 003 |
BD-DhAAL |
| 008 |
090729r20051997 nyua 001 0 eng d |
| 010 |
|
|
|a 60016810
|
| 020 |
|
|
|a 8123905912
|
| 040 |
|
|
|a DLC
|c CtW
|d OCoLC
|d Uk
|d DLC
|d BD-DhAAL
|
| 082 |
|
|
|a 615.19015
|
| 100 |
1 |
|
|a Higuchi, Takeru,
|d 1918-
|e ed.
|9 44248
|
| 245 |
1 |
0 |
|a Pharmaceutical analysis /
|c edited by Takeru Higuchi and Einar Brochmann-Hanssen. Authors: Jerome I. Bodin [and others]
|
| 260 |
|
|
|a New York,
|b Interscience Publishers, ;
|a New Delhi :
|b CBS publishers & distributors.
|c 1997. (Reprinted 2005)
|
| 300 |
|
|
|a vi, 854 pages :
|b illustrations :
|c 24 cm.
|
| 504 |
|
|
|a Includes index.
|
| 526 |
|
|
|x Mustak Ibn Ayub
Department of Mathematics and Natural Sciences
Course name and no. "not available"
|
| 541 |
1 |
|
|e 18879, 18880, 18881
|
| 650 |
|
0 |
|a Chemistry, Analytic.
|9 44249
|
| 650 |
|
0 |
|a Pharmaceutical chemistry.
|9 44250
|
| 650 |
|
0 |
|a Pharmacy.
|9 44251
|
| 700 |
2 |
|
|a Brochmann-Hanssen, Einar,
|e joint ed.
|9 44252
|
| 700 |
1 |
|
|a Bodin, Jerome Irwin,
|d 1930-
|9 44253
|
| 852 |
4 |
|
|a Ayesha Abed Library
|c General Stacks
|
| 942 |
|
|
|2 ddc
|c BK
|
| 999 |
|
|
|c 2958
|d 2958
|
| 952 |
|
|
|0 0
|1 0
|2 ddc
|4 0
|6 615_190150000000000_PHA
|7 0
|9 2674
|a BRACUL
|b BRACUL
|c GEN
|d 2009-08-18
|e Parash Publishers
|g 2980.00
|l 2
|m 2
|o 615.19015 PHA
|p 3010018880
|r 2016-11-13
|s 2016-09-28
|t 2
|v 5960.00
|w 2009-08-18
|y BK
|x Requisitioned by Mustak Ibn Ayub, Department of Mathematics and Natural Sciences, Course name and no. "not available"
|
| 952 |
|
|
|0 0
|1 0
|2 ddc
|4 0
|6 615_190150000000000_PHA
|7 0
|9 11506
|a BRACUL
|b BRACUL
|c GEN
|d 2010-07-04
|e Parash Publishers
|g 2980.00
|l 2
|m 2
|o 615.19015 PHA
|p 3010018881
|r 2021-09-12
|s 2021-06-27
|t 3
|v 5960.00
|w 2010-07-04
|y BK
|x Requisitioned by Mustak Ibn Ayub, Department of Mathematics and Natural Sciences, Course name and no. "not available"
|
| 952 |
|
|
|0 0
|1 0
|2 ddc
|4 0
|6 615_190150000000000_PHA
|7 0
|9 11548
|a BRACUL
|b BRACUL
|c GEN
|d 2010-07-05
|e Parash Publishers
|g 2980.00
|l 1
|m 16
|o 615.19015 PHA
|p 3010018879
|r 2019-05-19
|s 2019-01-21
|t 1
|v 5960.00
|w 2010-07-05
|y BK
|x Requisitioned by Mustak Ibn Ayub, Department of Mathematics and Natural Sciences, Course name and no. "not available"
|